[Event "Loire jeunes 2013 - Pupilles"]
[Site "Roanne"]
[Date "2013.10.19"]
[Round "1.2"]
[White "Gouy-Waz, Fabien"]
[Black "Pelissier, Joris"]
[Result "1-0"]
[WhiteElo "1160"]
[BlackElo "1099"]
[PlyCount "25"]
[EventDate "2013.??.??"]

1. e4 e5 2. Nf3 Nf6 3. Nc3 Nc6 4. Bc4 Bc5 5. d3 d6 6. Bg5 Bg4 7. O-O O-O 8. Nd5
Ne8 9. Bxd8 Rxd8 10. h3 Be6 11. Ng5 Bd7 12. Qh5 g6 13. Qxh7# 1-0

[Event "Loire jeunes 2013 - Pupilles"]
[Site "Roanne"]
[Date "2013.10.19"]
[Round "1.3"]
[White "Poncet, Baptiste"]
[Black "Bouchut, Leo"]
[Result "0-1"]
[WhiteElo "1099"]
[BlackElo "1099"]
[PlyCount "46"]
[EventDate "2013.??.??"]

1. e4 e5 2. Nf3 Nc6 3. Bc4 h6 4. O-O Nf6 5. Nc3 Bb4 6. b3 O-O 7. a4 d6 8. d3
Bxc3 9. Rb1 Bg4 10. h3 Bxf3 11. Qxf3 Nd4 12. Qd1 a6 13. Bd5 c6 14. Bc4 b5 15.
axb5 axb5 16. Be3 bxc4 17. bxc4 d5 18. exd5 cxd5 19. cxd5 Qxd5 20. Bc1 Nf5 21.
Bb2 Bxb2 22. Rxb2 Nh4 23. Qd2 Qxg2# 0-1

[Event "Loire jeunes 2013 - Pupilles"]
[Site "Roanne"]
[Date "2013.10.19"]
[Round "1.4"]
[White "Guevorguian, Garouch"]
[Black "Pont, Jeremy"]
[Result "1/2-1/2"]
[WhiteElo "1099"]
[BlackElo "1099"]
[PlyCount "124"]
[EventDate "2013.??.??"]

1. e4 e5 2. Nf3 Nc6 3. d4 exd4 4. Nxd4 Nxd4 5. Qxd4 b6 6. c3 c5 7. Qe5+ Be7 8.
f4 d6 9. Bb5+ Bd7 10. Bxd7+ Qxd7 11. Qh5 O-O-O 12. O-O g6 13. Qe2 Nh6 14. f5
gxf5 15. exf5 Nxf5 16. Rf4 Bg5 17. Re4 d5 18. Rg4 h6 19. Bxg5 hxg5 20. Rxg5 f6
21. Rg6 Qd6 22. Rg5 Rde8 23. Qf2 Qe6 24. Na3 fxg5 25. Kf1 d4 26. Re1 Qxe1+ 27.
Qxe1 Rxe1+ 28. Kxe1 Re8+ 29. Kd1 Ne3+ 30. Kc1 dxc3 31. bxc3 Rf8 32. Kd2 Re8 33.
Kd3 Nxg2 34. Kc4 Re4+ 35. Kb5 Rh4 36. Nc4 Rxh2 37. Ka6 g4 38. Kxa7 Nh4 39. Kxb6
Rxa2 40. Kxc5 g3 41. Nb6+ Kd8 42. c4 g2 43. Nd5 g1=Q+ 44. Kd6 Qg7 45. Nc3 Ra6+
46. Kd5 Qg5+ 47. Ke4 Ra4 48. Nxa4 Qa5 49. Nb2 Qb4 50. Nd3 Qb7+ 51. Kd4 Qd7+ 52.
Kc3 Nf5 53. Nc5 Qc7 54. Ne6+ Kd7 55. Nxc7 Kxc7 56. c5 Kc6 57. Kc4 Ne7 58. Kb4
Nf5 59. Kc4 Ne3+ 60. Kd4 Nf5+ 61. Kc4 Nd6+ 62. cxd6 Kxd6 1/2-1/2

[Event "Loire jeunes 2013 - Pupilles"]
[Site "Roanne"]
[Date "2013.10.19"]
[Round "1.5"]
[White "Coulomb, Lisa"]
[Black "Guillemain, Mae"]
[Result "1-0"]
[WhiteElo "1080"]
[BlackElo "1099"]
[PlyCount "49"]
[EventDate "2013.??.??"]

1. e4 e5 2. Nf3 Nc6 3. Bb5 Nf6 4. Nc3 a6 5. Bc4 Bc5 6. O-O O-O 7. h3 Nxe4 8.
Nxe4 b6 9. Neg5 d6 10. Bxf7+ Rxf7 11. Nxf7 Bb4 12. Nxd8 Nxd8 13. a3 Bc5 14. c3
Bf5 15. d4 exd4 16. cxd4 Ne6 17. Re1 Nxd4 18. Nxd4 a5 19. Nxf5 b5 20. Ne7+ Kf8
21. Qf3+ Ke8 22. Qxa8+ Kd7 23. Qc6+ Kd8 24. Nd5 Ba7 25. Qxc7# 1-0

[Event "Loire jeunes 2013 - Pupilles"]
[Site "Roanne"]
[Date "2013.10.19"]
[Round "2.1"]
[White "Valette, Nicolas"]
[Black "Coulomb, Lisa"]
[Result "1-0"]
[WhiteElo "1390"]
[BlackElo "1080"]
[PlyCount "47"]
[EventDate "2013.??.??"]

1. e4 e5 2. Nf3 Nc6 3. Nc3 Bc5 4. Bb5 a6 5. Bxc6 bxc6 6. d4 exd4 7. Nxd4 Nf6 8.
Bg5 h6 9. Bxf6 Qxf6 10. Qf3 Qg6 11. O-O-O O-O 12. h4 Re8 13. g4 Bb7 14. h5 Qd6
15. Nf5 Qe6 16. Qf4 d5 17. exd5 cxd5 18. Qxc7 Bc6 19. Rhe1 Qf6 20. Rxe8+ Rxe8
21. Nxd5 Rd8 22. Nxf6+ gxf6 23. Rxd8+ Kh7 24. Qxf7# 1-0

[Event "Loire jeunes 2013 - Pupilles"]
[Site "Roanne"]
[Date "2013.10.19"]
[Round "2.2"]
[White "Raffin, Nicolas"]
[Black "Gouy-Waz, Fabien"]
[Result "0-1"]
[WhiteElo "1060"]
[BlackElo "1160"]
[PlyCount "94"]
[EventDate "2013.??.??"]

1. e4 e5 2. Nf3 Nc6 3. Bb5 Nf6 4. d3 Bb4+ 5. Nc3 Bxc3+ 6. bxc3 Na5 7. Nxe5 O-O
8. O-O d6 9. Nf3 Bg4 10. Qe2 c6 11. Ba4 Nd7 12. Ba3 Ne5 13. Qe3 Nxf3+ 14. Kh1
Ne5 15. Qf4 Be2 16. Rfe1 Bh5 17. Bxd6 Qxd6 18. Qh4 Bg4 19. d4 Nf3 20. Qxg4 Nxe1
21. Rxe1 Qg6 22. Qe2 b5 23. Bb3 Nxb3 24. cxb3 Rfe8 25. e5 f6 26. e6 Rec8 27. e7
a5 28. c4 bxc4 29. bxc4 Qe8 30. h3 c5 31. dxc5 Rxc5 32. a4 Rac8 33. Rc1 R8c7
34. Qd3 Qxe7 35. Rc3 Qe1+ 36. Kh2 Qe6 37. Qg3 Qe5 38. f4 Qe6 39. Rf3 Qxc4 40.
Qg4 Qc2 41. Qh5 Rxh5 42. Re3 Rf5 43. Re8+ Kf7 44. Rd8 Rxf4 45. Rh8 Rf5 46. Rxh7
Rg5 47. Rh5 Qxg2# 0-1

[Event "Loire jeunes 2013 - Pupilles"]
[Site "Roanne"]
[Date "2013.10.19"]
[Round "2.3"]
[White "Bouchut, Leo"]
[Black "Guevorguian, Garouch"]
[Result "1-0"]
[WhiteElo "1099"]
[BlackElo "1099"]
[PlyCount "105"]
[EventDate "2013.??.??"]

1. e4 e5 2. Nf3 Nc6 3. Nc3 Nf6 4. Bb5 Na5 5. Nxe5 Qe7 6. Nc4 Nxc4 7. Bxc4 d6 8.
O-O Bg4 9. f3 Bh5 10. Nd5 Nxd5 11. Bxd5 Qf6 12. Bxb7 Rb8 13. Bc6+ Kd8 14. c3
Rb6 15. Bd5 c6 16. Bb3 d5 17. exd5 cxd5 18. Bxd5 Bc5+ 19. d4 Bd6 20. Re1 g6 21.
a4 a6 22. a5 Rb5 23. c4 Rb4 24. c5 Bc7 25. Bd2 Rb5 26. Bc3 Qh4 27. h3 Bg3 28.
Be4 Bxe1 29. Bxe1 Qe7 30. c6 Rxb2 31. d5 Qg5 32. g4 f6 33. Bg3 f5 34. c7+ Kc8
35. Rb1 Ra2 36. Rb8+ Kd7 37. Rxh8 fxg4 38. c8=Q+ Ke7 39. Qd8+ Kf7 40. Qxg5 gxh3
41. Rxh7+ Kg8 42. Bxg6 Bxg6 43. Qxg6+ Kf8 44. Qg8+ Kxg8 45. Ra7 Rg2+ 46. Kf1
Rxg3 47. Qd4 h2 48. Qh4 Rxf3+ 49. Kg2 Rf5 50. Qg4+ Kf8 51. Qxf5+ Ke8 52. Qf7+
Kd8 53. Qd7# 1-0

[Event "Loire jeunes 2013 - Pupilles"]
[Site "Roanne"]
[Date "2013.10.19"]
[Round "2.4"]
[White "Pont, Jeremy"]
[Black "Mondiere, Emy"]
[Result "0-1"]
[WhiteElo "1099"]
[BlackElo "1099"]
[PlyCount "0"]
[EventDate "2013.??.??"]

 0-1

6 2. Bd3 e5 3. Nf3 Nf6 4. Nxe5 d6 5. Nc4 d5 6. exd5 Nxd5 7. Be4 Nf4 8.
g3 Ng2+ 9. Kf1 Qd4 10. c3 Qxc4+ 11. d3 Qe6 12. Kxg2 Qh3+ 13. Kg1 Bc5 14. d4 Bd6
15. Bf3 0-1

[Event "Loire jeunes 2013 - Pupilles"]
[Site "Roanne"]
[Date "2013.10.19"]
[Round "2.5"]
[White "Guillemain, Mae"]
[Black "Poncet, Baptiste"]
[Result "0-1"]
[WhiteElo "1099"]
[BlackElo "1099"]
[PlyCount "82"]
[EventDate "2013.??.??"]

1. e4 e5 2. Nf3 Nc6 3. Nc3 Nf6 4. Bc4 Bc5 5. d3 O-O 6. O-O d6 7. Be3 Bg4 8. h3
Bh5 9. Na4 Nxe4 10. dxe4 Bxe3 11. fxe3 a6 12. c3 b5 13. b3 bxc4 14. bxc4 Na5
15. Qd5 c6 16. Qd1 Nxc4 17. Nh4 Nxe3 18. Re1 Nxd1 19. Rexd1 Bxd1 20. Rxd1 Qd7
21. Nf3 Rad8 22. Nb6 Qc7 23. Na4 h6 24. c4 d5 25. cxd5 cxd5 26. exd5 e4 27. Nd2
e3 28. Nb3 e2 29. Re1 Rfe8 30. Kf2 Qd7 31. Nc3 a5 32. Nxa5 Re7 33. a4 Rde8 34.
Nb5 Qxd5 35. g4 Qa8 36. Nb3 Qxa4 37. N3d4 Rd8 38. Rd1 exd1=Q 39. Nc3 Qaxd4+ 40.
Kg3 Qxc3+ 41. Kf2 Re2# 0-1

[Event "Loire jeunes 2013 - Pupilles"]
[Site "Roanne"]
[Date "2013.10.19"]
[Round "3.1"]
[White "Gouy-Waz, Fabien"]
[Black "Bouchut, Leo"]
[Result "0-1"]
[WhiteElo "1160"]
[BlackElo "1099"]
[PlyCount "74"]
[EventDate "2013.??.??"]

1. e4 e5 2. Nf3 Nc6 3. Bc4 h6 4. Nc3 Nf6 5. d3 d6 6. O-O Be7 7. b3 Be6 8. Bxe6
fxe6 9. Bb2 d5 10. Nh4 dxe4 11. Nxe4 Nxe4 12. dxe4 Bxh4 13. Qh5+ Kd7 14. Qf7+
Qe7 15. Rad1+ Nd4 16. Qxe7+ Kxe7 17. Ba3+ Kf7 18. Rd3 Nxc2 19. Bc5 b6 20. Be3
Nxe3 21. Rxe3 Rad8 22. Rc3 Rd7 23. Rh3 g5 24. g3 Bxg3 25. Rxg3 Rhd8 26. Rh3 Kg6
27. Rc3 h5 28. Rc6 Kf6 29. Rcc1 h4 30. Rfe1 g4 31. Kg2 h3+ 32. Kg3 Kg5 33. Rc6
Rd3+ 34. Re3 Rxe3+ 35. fxe3 Rd2 36. Rc2 Rxc2 37. a3 Rg2# 0-1

[Event "Loire jeunes 2013 - Pupilles"]
[Site "Roanne"]
[Date "2013.10.19"]
[Round "3.2"]
[White "Pelissier, Joris"]
[Black "Valette, Nicolas"]
[Result "0-1"]
[WhiteElo "1099"]
[BlackElo "1390"]
[PlyCount "54"]
[EventDate "2013.??.??"]

1. e4 e5 2. Nc3 Nc6 3. Nf3 Nf6 4. Bc4 h6 5. d3 Bb4 6. O-O Bxc3 7. bxc3 d5 8.
Bb3 O-O 9. exd5 Nxd5 10. c4 Nde7 11. d4 exd4 12. Nxd4 Nxd4 13. Ba4 c5 14. c3
Ne6 15. Qg4 Ng5 16. Qg3 Nf5 17. Qe5 Re8 18. Qf4 Re4 19. Qxf5 Bxf5 20. f3 Rxc4
21. Bb3 Rxc3 22. Ba4 Qd4+ 23. Kh1 Qxa4 24. f4 Ne6 25. Re1 Rd8 26. Rf1 Rd1 27.
Rxd1 Qxd1# 0-1

[Event "Loire jeunes 2013 - Pupilles"]
[Site "Roanne"]
[Date "2013.10.19"]
[Round "3.3"]
[White "Mondiere, Emy"]
[Black "Coulomb, Lisa"]
[Result "0-1"]
[WhiteElo "1099"]
[BlackElo "1080"]
[PlyCount "106"]
[EventDate "2013.??.??"]

1. e4 e5 2. Nf3 Nc6 3. Nxe5 Nxe5 4. Nc3 Nf6 5. Bb5 a6 6. Ba4 b5 7. Bb3 Bb4 8.
O-O O-O 9. d3 Bxc3 10. bxc3 h6 11. d4 Nc6 12. Bf4 Nxe4 13. d5 Ne7 14. d6 cxd6
15. Bxd6 Nxd6 16. Qxd6 Nf5 17. Qd5 Bb7 18. Qxf5 d5 19. Rad1 Bc8 20. Bxd5 Bxf5
21. Bxa8 Qxa8 22. a3 Qc6 23. Rd2 Qg6 24. g3 Bh3 25. Re1 Qc6 26. f3 Re8 27. Rde2
b4 28. cxb4 Qb5 29. Rxe8+ Kh7 30. R1e5 Qa4 31. Rh5 Bd7 32. Re1 Qxa3 33. Rd1
Qe3+ 34. Kf1 Qxf3+ 35. Ke1 Qxh5 36. Rxd7 Qe5+ 37. Kd1 Qe4 38. Rxf7 Qd5+ 39. Kc1
Qxf7 40. c4 Qxc4+ 41. Kd2 Qxb4+ 42. Ke3 a5 43. Kf3 a4 44. g4 a3 45. Kg3 a2 46.
Kh4 a1=R 47. Kg3 Ra3+ 48. Kh4 Ra4 49. Kg3 Qxg4+ 50. Kf2 Qb4 51. Kf3 Ra3+ 52.
Kg2 Qb2+ 53. Kf1 Ra1# 0-1

[Event "Loire jeunes 2013 - Pupilles"]
[Site "Roanne"]
[Date "2013.10.19"]
[Round "3.4"]
[White "Poncet, Baptiste"]
[Black "Raffin, Nicolas"]
[Result "0-1"]
[WhiteElo "1099"]
[BlackElo "1060"]
[PlyCount "42"]
[EventDate "2013.??.??"]

1. e4 e5 2. Nf3 Nc6 3. Bc4 Nh6 4. b3 Bb4 5. Bb2 Na5 6. Bb5 O-O 7. O-O Ng4 8. h3
Nf6 9. Bxe5 Nxe4 10. d3 Nc3 11. Nxc3 Bxc3 12. Rb1 d6 13. Bf4 c6 14. Bc4 d5 15.
Bxd5 cxd5 16. Bg5 Qd6 17. Nd2 Nc6 18. Re1 Ba5 19. Re2 Bc7 20. Qe1 Qh2+ 21. Kf1
Qh1# 0-1

[Event "Loire jeunes 2013 - Pupilles"]
[Site "Roanne"]
[Date "2013.10.19"]
[Round "3.5"]
[White "Guevorguian, Garouch"]
[Black "Guillemain, Mae"]
[Result "0-1"]
[WhiteElo "1099"]
[BlackElo "1099"]
[PlyCount "32"]
[EventDate "2013.??.??"]

1. d4 d5 2. Nf3 Nc6 3. e3 Nf6 4. Bd3 e6 5. O-O Bb4 6. c3 Ba5 7. e4 dxe4 8. Bxe4
Nxd4 9. Nxd4 Nxe4 10. f3 Nd6 11. b3 e5 12. Nc2 Bf5 13. Ne3 Bg6 14. Ba3 Nb5 15.
b4 Bb6 16. Bb2 Qf6 0-1

[Event "Loire jeunes 2013 - Pupilles"]
[Site "Roanne"]
[Date "2013.10.20"]
[Round "4.1"]
[White "Valette, Nicolas"]
[Black "Bouchut, Leo"]
[Result "1-0"]
[WhiteElo "1390"]
[BlackElo "1099"]
[PlyCount "35"]
[EventDate "2013.??.??"]

1. e4 e5 2. Nf3 Nc6 3. Nc3 Nf6 4. d4 exd4 5. Nxd4 Nxd4 6. Qxd4 b6 7. Bg5 Bc5 8.
Qd2 h6 9. Bh4 g5 10. Bg3 c6 11. e5 Nh5 12. Ne4 O-O 13. Be2 Nxg3 14. hxg3 Kg7
15. f4 gxf4 16. Qxf4 Be7 17. Qxh6+ Kg8 18. Qh7# 1-0

[Event "Loire jeunes 2013 - Pupilles"]
[Site "Roanne"]
[Date "2013.10.20"]
[Round "4.2"]
[White "Coulomb, Lisa"]
[Black "Gouy-Waz, Fabien"]
[Result "0-1"]
[WhiteElo "1080"]
[BlackElo "1160"]
[PlyCount "50"]
[EventDate "2013.??.??"]

1. e4 e5 2. Nf3 Nc6 3. Bc4 Bc5 4. O-O Nf6 5. Nc3 d6 6. d3 Bg4 7. h3 Bxf3 8.
Qxf3 Nd4 9. Qd1 O-O 10. Bg5 h6 11. Be3 Qd7 12. Bxd4 Bxd4 13. Na4 Qxa4 14. b3
Qd7 15. Rc1 d5 16. exd5 Nxd5 17. c3 Nxc3 18. Qd2 Nd5 19. Rfe1 Nf4 20. Re4 Qc6
21. g3 Nxh3+ 22. Kf1 Nxf2 23. Re2 Qf3 24. Ree1 Ne4+ 25. Qf2 Qxf2# 0-1

[Event "Loire jeunes 2013 - Pupilles"]
[Site "Roanne"]
[Date "2013.10.20"]
[Round "4.4"]
[White "Guillemain, Mae"]
[Black "Mondiere, Emy"]
[Result "0-1"]
[WhiteElo "1099"]
[BlackElo "1099"]
[PlyCount "38"]
[EventDate "2013.??.??"]

1. e4 e5 2. Nf3 Nc6 3. Nc3 Nf6 4. Bc4 Bc5 5. d3 d6 6. Bg5 Bg4 7. h3 Be6 8. Bb5
O-O 9. Na4 Bb4+ 10. c3 Bc5 11. O-O d5 12. b3 h6 13. Be3 d4 14. cxd4 Nxd4 15.
Nxe5 Qd6 16. Nf3 c6 17. Bc4 Bb6 18. Ng5 Bc7 19. Nxe6 Qh2# 0-1

[Event "Loire jeunes 2013 - Pupilles"]
[Site "Roanne"]
[Date "2013.10.20"]
[Round "5.1"]
[White "Gouy-Waz, Fabien"]
[Black "Valette, Nicolas"]
[Result "1/2-1/2"]
[WhiteElo "1160"]
[BlackElo "1390"]
[PlyCount "74"]
[EventDate "2013.??.??"]

1. e4 e5 2. Nf3 Nc6 3. Bc4 Bc5 4. Nc3 h6 5. d3 Nf6 6. O-O Nd4 7. Nxe5 d6 8.
Nxf7 Qe7 9. Nxh8 Be6 10. Bxe6 Qxe6 11. Ng6 O-O-O 12. Be3 Ng4 13. Bxd4 Bxd4 14.
Nf4 Qd7 15. Nh3 Rf8 16. Ne2 Bxf2+ 17. Nxf2 Ne3 18. Qe1 Nxc2 19. Qc1 Nxa1 20.
Qxa1 Qf7 21. Nd4 d5 22. Nb5 Qd7 23. Nxa7+ Kb8 24. Nh3 Rxf1+ 25. Qxf1 Kxa7 26.
Qf2+ b6 27. Nf4 dxe4 28. dxe4 Qa4 29. b3 Qxe4 30. Qf3 Qb1+ 31. Qf1 Qxa2 32. Qc4
Qb1+ 33. Kf2 Qb2+ 34. Kg1 Qb1+ 35. Kf2 Qb2+ 36. Kg1 Qb1+ 37. Kf2 Qb2+ 1/2-1/2

[Event "Loire jeunes 2013 - Pupilles"]
[Site "Roanne"]
[Date "2013.10.20"]
[Round "5.2"]
[White "Bouchut, Leo"]
[Black "Raffin, Nicolas"]
[Result "1-0"]
[WhiteElo "1099"]
[BlackElo "1060"]
[PlyCount "65"]
[EventDate "2013.??.??"]

1. e4 e5 2. Nf3 Nc6 3. Nc3 Bb4 4. Bb5 d6 5. a3 Bg4 6. Bxc6+ bxc6 7. axb4 Nf6 8.
h3 Bxf3 9. Qxf3 d5 10. exd5 cxd5 11. Qg3 Nh5 12. Qxe5+ Kf8 13. Qxh5 Qe8+ 14.
Qe2 Qc6 15. Qb5 Qg6 16. Qd3 Qxg2 17. Rf1 Rd8 18. Qg3 Re8+ 19. Ne2 Qe4 20. Qd3
Qe7 21. Rxa7 Rb8 22. Qxd5 Re8 23. Qd3 Qe6 24. Rg1 c5 25. bxc5 g6 26. Rg3 h5 27.
b3 h4 28. Re3 Qc8 29. Ba3 Rxe3 30. Qxe3 Qxh3 31. Ra8+ Kg7 32. Bb2+ Kh7 33.
Rxh8# 1-0

[Event "Loire jeunes 2013 - Pupilles"]
[Site "Roanne"]
[Date "2013.10.20"]
[Round "5.3"]
[White "Poncet, Baptiste"]
[Black "Coulomb, Lisa"]
[Result "0-1"]
[WhiteElo "1099"]
[BlackElo "1080"]
[PlyCount "68"]
[EventDate "2013.??.??"]

1. e4 e5 2. Nf3 Nc6 3. Bc4 Nf6 4. Nc3 Bc5 5. O-O O-O 6. d3 d6 7. Bg5 h6 8. Bh4
Bg4 9. h3 Bd7 10. a3 Nd4 11. Nxd4 exd4 12. Na4 Qe8 13. Nxc5 dxc5 14. Re1 a6 15.
e5 Nh5 16. b4 cxb4 17. axb4 Nf4 18. Bd5 Nxd5 19. c4 Nxb4 20. Rb1 a5 21. Re4 Bf5
22. Rxd4 Bxd3 23. Rc1 Qxe5 24. Rg4 Qe6 25. Rf4 b5 26. cxb5 Bxb5 27. Qd2 Rfd8
28. Qb2 Rd5 29. Qb1 Nd3 30. Rd1 Nxf4 31. Bg3 Ne2+ 32. Kh2 Nxg3 33. Re1 Qd6 34.
Qa2 Nf5+ 0-1

[Event "Loire jeunes 2013 - Pupilles"]
[Site "Roanne"]
[Date "2013.10.20"]
[Round "5.4"]
[White "Mondiere, Emy"]
[Black "Guevorguian, Garouch"]
[Result "1-0"]
[WhiteElo "1099"]
[BlackElo "1099"]
[PlyCount "27"]
[EventDate "2013.??.??"]

1. e4 e5 2. Nf3 Nc6 3. Nc3 Nf6 4. Bc4 d5 5. exd5 Na5 6. Bb5+ Bd7 7. Qe2 Bc5 8.
O-O O-O 9. Qxe5 Ng4 10. Qh5 Bxf2+ 11. Rxf2 Nxf2 12. Kxf2 Qe8 13. Ng5 g6 14.
Qxh7# 1-0

[Event "Loire jeunes 2013 - Pupilles"]
[Site "Roanne"]
[Date "2013.10.20"]
[Round "5.5"]
[White "Pont, Jeremy"]
[Black "Pelissier, Joris"]
[Result "1-0"]
[WhiteElo "1099"]
[BlackElo "1099"]
[PlyCount "71"]
[EventDate "2013.??.??"]

1. e4 e5 2. Nf3 Nf6 3. Nxe5 d6 4. Nd3 d5 5. exd5 Nxd5 6. c4 Nf6 7. g4 Nxg4 8.
Qxg4 f5 9. Qd1 Qh4 10. a4 Na6 11. c5 Nxc5 12. Nxc5 Bxc5 13. Bb5+ Kd8 14. d4 Bd6
15. Rg1 c5 16. Bg5+ Be7 17. Bxh4 Bxh4 18. Rf1 Bg5 19. f4 Bh4+ 20. Kd2 c4 21.
Na3 c3+ 22. bxc3 Re8 23. Kc1 Re4 24. Be2 Rxf4 25. Rxf4 Bg5 26. Qd2 Be6 27. h4
Bh6 28. Bf3 g5 29. hxg5 Bxg5 30. Bxb7 Rb8 31. Rb1 h5 32. d5 Bf7 33. Qd4 h4 34.
Qe5 h3 35. Qxb8+ Ke7 36. Kb2 1-0